Responses for Show #1441 - Monday, December 3, 1990

Bruce Ikawa game 2.

Contestants

[<< previous game]

Kathy Brice, a principal of a consulting engineering firm originally from Winnipeg, Manitoba

Dave Bergmann, an attorney from Columbus, Ohio

Bruce Ikawa, a college professor originally from Indianapolis, Indiana (whose 1-day cash winnings total $14,801)

[next game >>]

Jeopardy! Round responses

MYTHOLOGY
AWARDS
SNAKES
17th CENTURY PERSONALITIES
SUPERSTITIONS
FAMOUS LIONS
    $100 1
[NOTE: This was the 310,000th clue entered into the J! Archive, on 2016-07-06.]

Romulus

Dave
    $100 6
Seattle

Dave
    $100 11
sidewinder

Bruce
    $100 16
China

Bruce
    $100 21
warts

Bruce
    $100 22
(Alex: We've got a minute to go.)

Leo

Bruce
    $200 2
Pegasus

Kathy
    $200 7
Guys and Dolls

Dave
    $200 12
cobras

Kathy
    $200 17
Spain

Bruce
    $200 29
[The end-of-round signal sounds.]

Clarence

Dave
    $300 3
Pyramus

Dave
    $300 8
(Bruce: What is You Can't Go Home Again?)

Look Homeward, Angel

Bruce
Triple Stumper
    $300 13
constrictors

Bruce
    $300 18
Louis XIV

Bruce
    $300 28
mistletoe

Bruce
    $300 26
Elsa

Bruce
    $400 4
Galatea

Bruce
    $500 9
(Irving) Thalberg

Dave
    $400 14
python

Bruce
    $400 19
Westminster Abbey

Kathy
    $400 27
rain

Dave
    $400 24
the Library

Dave
    $500 5
Cronus

Bruce
    $500 10
(Dave: Who is Marian Anderson?)

Leontyne Price

BruceDave
    $500 15
(Bruce: What are Greenland & Iceland?)

Iceland & Ireland

Bruce
Triple Stumper
    $500 20
Increase Mather

Dave
    $500 25
talking about you

Bruce
    $500 23
Nittany Lion

Bruce

Scores at the first commercial break (after clue 13):

Bruce Dave Kathy
$1,500 $700 $400

Scores at the end of the Jeopardy! Round:

Bruce Dave Kathy
$3,800 $2,200 $800

Double Jeopardy! Round responses

U.S. HISTORY
WOMEN POETS
NATIONAL PARKS
ART
BRITISH ROYALTY
AUDREY HEPBURN
    $200 13
Lee

Bruce
    $200 22
Alice Walker

Bruce
    $200 6
Virgin Islands

Bruce
    $200 1
Statue of Liberty

Bruce
    $200 21
Queen Victoria

Dave
    $200 7
Breakfast at Tiffany's

Bruce
    $400 14
William & Mary

Bruce
    $400 23
Dorothy Parker

Bruce
    $400 12
Yellowstone

Bruce
    $400 2
Hudson River School

Bruce
    $400 27
James I

Bruce
    $400 8
UNICEF

Dave
    $600 15
"Mad" Anthony Wayne

Bruce
    $600 24
Emily Dickinson

Dave
    $600 18
Theodore Roosevelt

Bruce
    $1,400 3
Chagall

Bruce
    $600 28
Richard III

Dave
    $600 9
Wait Until Dark

Dave
    $800 16
Haymarket

Dave
    $800 25
Amy Lowell

Triple Stumper
    $2,000 19
(Bruce: Uh, what is...Acacia?)

Petrified Forest

Bruce
    $800 4
(Dave: What is Florence?)

Venice

Dave
Triple Stumper
    $800 29
King George V

Triple Stumper
    $800 10
Sabrina

Bruce
    $1000 17
Black Friday

Bruce
    $1000 26
Sappho

Bruce
    $1000 20
(Bruce: What's [*]?)
(Alex: [*], yes. [**] in Alaska is the other.)

(1 of) Crater Lake (or Lake Clark)

Bruce
    $1000 5
perspective

Dave
    $1000 30
Charles II

Triple Stumper
    $1000 11
Mel Ferrer

Bruce

Scores at the end of the Double Jeopardy! Round:

Bruce Dave Kathy
$12,200 $5,600 $800
(lock game)

[wagering suggestions for these scores]

Final Jeopardy! Round responses

COUNTRIES OF THE WORLD
KathyWhat is Uruguay?
$800
DaveWhat is Peru?
$3,900
BruceWhat is Venezuela
$999
Venezuela

Final scores:

Bruce Dave Kathy
$13,199 $1,700 $0
2-day champion: $28,000 2nd place: Yamaha Clavinova keyboard + Maple Leaf bullion investment coins 3rd place: Aiwa stereo system + NES with Jeopardy! & Wheel of Fortune + Fisher Price games + Wheel of Fortune for Game Boy

Game dynamics:

Coryat scores:

Bruce Dave Kathy
$13,400 $5,500 $800
33 R
(including 1 DD),
3 W
(including 1 DD)
16 R
(including 1 DD),
2 W
3 R,
0 W

Combined Coryat: $19,700

[game clues] [game scores] [suggest correction]

Game tape date: 1990-09-17
The J! Archive is created by fans, for fans. Scraping, republication, monetization, and malicious use prohibited; this site may use cookies and collect identifying information. See terms. The Jeopardy! game show and all elements thereof, including but not limited to copyright and trademark thereto, are the property of Jeopardy Productions, Inc. and are protected under law. This website is not affiliated with, sponsored by, or operated by Jeopardy Productions, Inc. Join the discussion at JBoard.tv.